| Поле | Инд. | ПП | Название | Значение |
|---|---|---|---|---|
| Тип записи | a | |||
| Библиографический уровень | m | |||
| 001 | Контрольный номер | RU/IS/BASE/480591637 | ||
| 005 | Дата корректировки | 20150325094037.3 | ||
| 008 | Кодируемые данные | 080728 | ||
| 020 | a | ISBN | 978-5-9221-0963-5 | |
| c | Цена, тираж | 210.00 | ||
| 040 | a | Служба первич. каталог. | НБ ТвГУ | |
| 041 | a | Код языка текста | rus | |
| 080 | a | Индекс УДК | 539.89(075.8) | |
| a | Индекс УДК | 533.9(075.8) | ||
| 084 | a | Индекс другой классификации/Индекс ББК | В36я73-1 | |
| a | Индекс другой классификации/Индекс ББК | В333я73-1 | ||
| a | Индекс другой классификации/Индекс ББК | В632я73-1 | ||
| 090 | a | Полочн. индекс | В36 | |
| x | Авторский знак | Ф80 | ||
| 100 | 1_ | a | Автор | Фортов Владимир Евгеньевич |
| 245 | 10 | a | Заглавие | Экстремальные состояния вещества на Земле и в космосе |
| b | Продолж. заглавия | учебное пособие для студентов вузов по направлению "Прикладная математика и физика" | ||
| c | Ответственность | В. Е. Фортов | ||
| 260 | 0_ | a | Место издания | Москва |
| b | Издательство | ФИЗМАТЛИТ | ||
| c | Дата издания | 2008 | ||
| 300 | a | Объем | 263 с. | |
| b | Иллюстрации/ тип воспроизводства | ил., цв. ил., табл. | ||
| 504 | a | Библиография | Библиогр.: с. 236-263 | |
| 583 | a | Действие | Получение впервые 184 19.08.2008 | |
| k | Исполнитель действия | Дар РГГУ | ||
| 650 | a | Основная рубрика | Экстремальное состояние вещества | |
| x | Основная подрубрика | Учебники для вузов | ||
| 650 | a | Основная рубрика | Высокие плотности энергии | |
| x | Основная подрубрика | Астрофизика | ||
| x | Основная подрубрика | Физика | ||
| 650 | a | Основная рубрика | Плазма | |
| 653 | a | Ключевые слова | Астрофизика высоких плотностей энергии | |
| a | Ключевые слова | Вещество в экстремальных состояниях | ||
| a | Ключевые слова | Высокие плотности энергии | ||
| a | Ключевые слова | Лазерное излучение | ||
| a | Ключевые слова | Плазма | ||
| a | Ключевые слова | Плотная плазма | ||
| a | Ключевые слова | Термоядерный синтез | ||
| a | Ключевые слова | Управляемый термоядерный синтез | ||
| a | Ключевые слова | Физика высоких плотностей энергии | ||
| a | Ключевые слова | Физика плазмы | ||
| a | Ключевые слова | Экстремальные состояния вещества | ||
| 666 | a | К ру | ||
| 852 | t | Порядковый номер экземпляра | 1 | |
| p | Инвентарный номер | 917217 | ||
| 863 | t | 00234867 | ||
| 888 | a | Бесплатные | ||
| 930 | a | Новая/Ретро | учебники | |
| 952 | p | 184.2008 210.00 1 917217 | ||
| 954 | a | Дата поступления на обработку | 20090430 | |
| 999 | a | Подразделение 2 | Фил3 |